00657nam a2200181 a 450000100100000000500170001000800410002704000250006808200150009310000280010824500510013626000430018730000210023050000210025150400730027295201130034599900170045800003640420200930075720.0120117s20uu sp 000 0 spa d aDO-SdBNPbspacBNPHU axxxxbxxxx1 aMintzberg, Henry96261510aMintzberg y la dirección /cHenry Mintzberg. aEspaña :bDíaz de Santos,c[s.f.]. a494 p. ;c22 cm. aIncluye índice aIncluye referencias bibliográficas y notas al pie de las páginas 001050718MOaGRbGRcHDd2012-01-17iLF1l0oxxxx xxxxp36405-10r2020-06-25w2020-06-25y1ZNo se presta c35895d35895